| 000 | 00468nam a2200133 4500 | ||
|---|---|---|---|
| 008 | 240624b |||||||| |||| 00| 0 eng d | ||
| 020 | _a9789746802741 | ||
| 082 | _bHEA | ||
| 245 |
_aHealth sector response to gender-based violence: _bcase studies of the Asia Pacific region |
||
| 260 |
_aBangkok: _bUNFPA Asia and the Pacific regional office, _c2010 |
||
| 300 | _a88 p. | ||
| 856 | _uhttps://asiapacific.unfpa.org/sites/default/files/pub-pdf/Assessment.pdf | ||
| 942 | _cRP | ||
| 999 |
_c4942 _d4942 |
||